La réponse est une capitale - Statistiques

Statistiques générales
  • Ce quiz a été pris 928 fois
  • Le résultat moyen est 6 sur 17
Statistiques - réponses
Indices Réponses % Correct
Premier Président des Etats-Unis d'Amérique Washington
82%
Département français de numéro 86 Vienne
73%
Prince troyen a qui fut choisi pour attribuer la "pomme de la discorde" Paris
67%
Molécule de saccharose extraite de certaines betteraves notamment Sucre
57%
Son règne est le deuxième plus long de l'Histoire du Royaume-Uni,après celui d'Elizabeth II Victoria
55%
Cocktail consistant en un mélange de bière, limonade et sirop de grenadine Monaco
53%
Plante à tige creuse opposée au chêne chez La Fontaine Roseau
53%
Province wallonne du Sud de la Belgique Luxembourg
48%
Chapeau masculin d'origine équatorienne constitué de fibres naturelles Panama
45%
Dupe, abuse, trompe Berne
40%
Deuxième ville libanaise par la population, après Beyrouth Tripoli
25%
Duc à la tête des armées des Alliés victorieuses de Napoléon I à Waterloo Wellington
19%
Maison princière ayant régné sur le Saint-Empire, occupant actuellementles trônes hollandais et luxembourgeois Nassau
9%
Ancien nom du Péloponnèse, en l'honneur du roi et premier homme mythologique Apis Apia
7%
Nom révolutionnaire de Charleville-Mézières Libreville
5%
Entreprise de droit public, principal assureur-accidents de Suisse Suva
3%
Petite île des Kerguelen ou commune héraultaise Castries
2%
Aucun quiz correspondant
Distribution des résultats
% des personnes avec chaque résultat
Percentile par nombre de réponses
Votre historique - résultats
Vous n’avez pas pris ce quiz